[Event "8. LGA Premium Cup 2011"]
[Site "Nürnberg"]
[Date "2011.09.10"]
[Round "4.31"]
[White "Zude, Arno"]
[Black "Steinbacher, Matthias"]
[Result "1-0"]
[WhiteElo "2379"]
[BlackElo "2182"]
[PlyCount "123"]
[EventDate "2011.??.??"]
[WhiteTeam "SV 1920 Hofheim"]
[BlackTeam "SF Gerresheim 86 e.V."]

1. e4 Nc6 2. Nf3 Nf6 3. e5 Ng8 4. d4 d5 5. h3 Bf5 6. c3 e6 7. Nbd2 h6 8. Nb3
Nge7 9. Be2 a6 10. O-O Bh7 11. Nc5 Qc8 12. Nd3 Ng6 13. g3 Be7 14. h4 Nf8 15.
Nf4 Be4 16. Nh5 g6 17. Nf4 g5 18. Ng2 Qd8 19. h5 f6 20. exf6 Bxf6 21. Ne3 Qe7
22. Nd2 Bh7 23. a4 Nd7 24. b3 Qg7 25. Bg4 Qf7 26. Ba3 O-O-O 27. Qf3 e5 28. Nxd5
e4 29. Qxf6 Qxd5 30. Be6 Bg8 31. Bxd7+ Qxd7 32. Nc4 Bf7 33. Ne3 Bxh5 34. d5 Nb8
35. c4 Bf3 36. Rfe1 h5 37. Qf5 h4 38. g4 a5 39. Rac1 Na6 40. Qxd7+ Rxd7 41. c5
Rhd8 42. c6 Rxd5 43. cxb7+ Kxb7 44. Nxd5 Rxd5 45. Be7 Kb6 46. Rc4 e3 47. Bf6
Nb4 48. Rd4 e2 49. Rxd5 Nxd5 50. Bxg5 Nb4 51. Bd2 Bxg4 52. Bxb4 axb4 53. f4 c5
54. Kf2 c4 55. bxc4 Ka5 56. Rg1 Be6 57. c5 b3 58. Kxe2 Bf5 59. c6 Kb6 60. Rg5
h3 61. Rxf5 Kxc6 62. Kf2 1-0

[Event "8. LGA Premium Cup 2011"]
[Site "Nürnberg"]
[Date "2011.09.10"]
[Round "4.32"]
[White "Bauer, Andreas"]
[Black "Eisenbeiser, Amadeus"]
[Result "1/2-1/2"]
[WhiteElo "2084"]
[BlackElo "2405"]
[PlyCount "129"]
[WhiteTeam "SC Postbauer-Heng e.V"]
[BlackTeam "BG Buchen"]

1. Nf3 f5 2. b3 d6 3. d4 Nf6 4. Bb2 g6 5. g3 Bg7 6. Bg2 O-O 7. O-O Na6 8. Nbd2
c5 9. e3 Rb8 10. c4 Bd7 11. a4 h6 12. d5 Qe8 13. h4 Qf7 14. Qe2 Nb4 15. Bc3 a5
16. Rad1 Rbe8 17. Ne1 e6 18. dxe6 Bxe6 19. Nd3 g5 20. hxg5 hxg5 21. Nxb4 axb4
22. Bxf6 Bxf6 23. Qd3 Re7 24. Bd5 Kg7 25. Bxe6 Qxe6 26. Kg2 Rd8 27. Qd5 Qd7 28.
e4 Re5 29. Qd3 Qc6 30. f3 f4 31. g4 Rh8 32. Rh1 Ree8 33. Qd5 Qc7 34. Rxh8 Rxh8
35. Rh1 Rxh1 36. Kxh1 Be5 37. Kg2 Qe7 38. Kf2 Kf8 39. Ke2 Kg7 40. Kf2 Kh6 41.
Kg2 Bc3 42. Nb1 Bg7 43. Nd2 b6 44. Kf1 Bc3 45. Nb1 Bd4 46. Nd2 Be5 47. Qc6 Qd8
48. Ke2 Kg6 49. Qd5 Kf6 50. Qc6 Kg7 51. Kd3 Bc3 52. Qb7+ Kg6 53. Qd5 Qe7 54.
Qf5+ Kh6 55. Nf1 Be5 56. Nd2 Kg7 57. Qc8 Bf6 58. Qf5 Qe5 59. Qxe5 Bxe5 60. Nf1
Kf6 61. Nd2 Ke6 62. Nf1 Bd4 63. Nd2 Ke5 64. Nf1 Bc3 65. Nh2 1/2-1/2

[Event "8. LGA Premium Cup 2011"]
[Site "Nürnberg"]
[Date "2011.09.10"]
[Round "4.33"]
[White "Fedorovsky, Michael"]
[Black "Fuchs, Judith"]
[Result "1/2-1/2"]
[WhiteElo "2336"]
[BlackElo "2189"]
[PlyCount "115"]
[EventDate "2011.??.??"]
[WhiteTeam "SC Tarrasch 45 München"]
[BlackTeam "Hamburger SK von 1830 eV"]

1. d4 Nf6 2. c4 g6 3. Nc3 Bg7 4. e4 d6 5. f4 O-O 6. Nf3 c5 7. d5 e6 8. Be2 exd5
9. cxd5 Bg4 10. O-O Nbd7 11. Qc2 Re8 12. h3 Bxf3 13. Bxf3 Qa5 14. g4 Nb6 15. g5
Nfd7 16. h4 Nc4 17. h5 b5 18. hxg6 hxg6 19. e5 dxe5 20. Bg4 Rad8 21. f5 gxf5
22. Bxf5 Nd6 23. Bh7+ Kh8 24. Ne4 Nf8 25. Nxd6 Rxd6 26. Be4 Qc7 27. b4 c4 28.
Be3 Qd8 29. Rxf7 Rxd5 30. Qh2+ Kg8 31. Raf1 Rd7 32. g6 Re6 33. Qh5 Rf6 34.
R1xf6 Bxf6 35. Kg2 Bg7 36. Bh6 Bxh6 37. Qxh6 Rxf7 38. gxf7+ Kxf7 39. Qh5+ Ke6
40. Qg4+ Kd6 41. Qg7 Nd7 42. Bf5 Qe7 43. Qg8 Kc7 44. a3 Qd6 45. Qg7 Qd2+ 46.
Kg1 Qd4+ 47. Kg2 Kc6 48. Qe7 Qd6 49. Bxd7+ Qxd7 50. Qc5+ Kb7 51. Qxe5 Qc6+ 52.
Kf2 c3 53. Qe7+ Ka6 54. Qe3 c2 55. Qc1 Qe4 56. Qd2 Kb6 57. Qd8+ Kb7 58. Qd7+
1/2-1/2

[Event "8. LGA Premium Cup 2011"]
[Site "Nürnberg"]
[Date "2011.09.10"]
[Round "4.34"]
[White "Donchenko, Anatoly"]
[Black "Grafe, Wilhelm"]
[Result "1/2-1/2"]
[WhiteElo "2329"]
[BlackElo "2182"]
[PlyCount "58"]
[EventDate "2011.??.??"]
[WhiteTeam "SK 1858 Gießen"]
[BlackTeam "SC Forchheim e.V."]

1. Nf3 Nf6 2. d4 g6 3. g3 Bg7 4. Bg2 O-O 5. O-O d6 6. b3 Nc6 7. Bb2 Bg4 8. Nbd2
a6 9. h3 Bxf3 10. Nxf3 Rb8 11. a4 a5 12. e3 Re8 13. Nd2 d5 14. f4 e6 15. c3 Ne7
16. g4 c6 17. Qe2 Nd7 18. e4 dxe4 19. Nxe4 Nf6 20. Nd2 b5 21. axb5 cxb5 22. Nf3
Qc7 23. Ne5 Nfd5 24. c4 bxc4 25. bxc4 Nb4 26. Kh1 f6 27. Nf3 Nec6 28. Rad1 a4
29. Qd2 Na5 1/2-1/2

[Event "8. LGA Premium Cup 2011"]
[Site "Nürnberg"]
[Date "2011.09.10"]
[Round "4.37"]
[White "Heinzel, Olaf"]
[Black "Martin Fernandez, Rodrigo"]
[Result "1-0"]
[WhiteElo "2301"]
[BlackElo "2080"]
[PlyCount "61"]
[EventDate "2011.??.??"]
[WhiteTeam "SC Hansa Dortmund e.V."]
[BlackTeam "SC Erlangen 48/88 e.V."]

1. d4 d5 2. Bf4 Nf6 3. Nf3 e6 4. Nbd2 c5 5. e3 Bd6 6. Bg3 Nc6 7. c3 O-O 8. Bd3
a6 9. Ne5 Bxe5 10. dxe5 Nd7 11. Qb1 f5 12. f4 c4 13. Bc2 b5 14. Nf3 Nc5 15. Bf2
Ne4 16. g4 Nxf2 17. Kxf2 fxg4 18. Bxh7+ Kh8 19. Qg6 Qe8 20. Qxe8 Rxe8 21. Ng5
Rf8 22. Kg3 Ne7 23. h3 g6 24. hxg4 Kg7 25. Bxg6 Kxg6 26. Rh7 Ng8 27. Rah1 Rb8
28. Rc7 Nh6 29. Rh7 Ng8 30. R1h5 Re8 31. Nf3 1-0

[Event "8. LGA Premium Cup 2011"]
[Site "Nürnberg"]
[Date "2011.09.10"]
[Round "4.38"]
[White "Ikonnikov, Vyacheslav"]
[Black "Künstler, Christian"]
[Result "1-0"]
[WhiteElo "2492"]
[BlackElo "2075"]
[PlyCount "83"]
[EventDate "2011.??.??"]
[WhiteTeam "SF Bad Mergentheim"]
[BlackTeam "SK 1929 Mainaschaff"]

1. d4 Nf6 2. Nf3 e6 3. c4 d5 4. Nc3 Be7 5. Bg5 h6 6. Bxf6 Bxf6 7. e3 c6 8. Qc2
Nd7 9. O-O-O Qa5 10. Kb1 O-O 11. h4 g6 12. Nd2 Bg7 13. f4 h5 14. e4 dxe4 15.
Ndxe4 c5 16. d5 Nb6 17. d6 e5 18. fxe5 Bxe5 19. Bd3 Bg4 20. Rdf1 f5 21. Nf2
Bxc3 22. bxc3 Na4 23. Nxg4 Nxc3+ 24. Ka1 hxg4 25. h5 Nxa2 26. Qxa2 Qc3+ 27. Qb2
Qxd3 28. hxg6 Qd4 29. Qxd4 cxd4 30. Rh7 b6 31. Rfh1 f4 32. Re7 Rfe8 33. Rf7 Rf8
34. Rc7 f3 35. gxf3 g3 36. Kb2 Rxf3 37. g7 Rf7 38. Rh8+ Kxg7 39. Rxa8 g2 40.
Rxf7+ Kxf7 41. Rxa7+ Kf6 42. Ra1 1-0

[Event "8. LGA Premium Cup 2011"]
[Site "Nürnberg"]
[Date "2011.09.10"]
[Round "4.39"]
[White "Danin, Alexander"]
[Black "Saathoff, Richard"]
[Result "1-0"]
[WhiteElo "2542"]
[BlackElo "2111"]
[PlyCount "71"]
[EventDate "2011.??.??"]
[WhiteTeam "SC Tornado Wuppertal 199"]
[BlackTeam "SW Nürnberg Süd e.V."]

1. e4 e5 2. Nf3 Nc6 3. d4 exd4 4. Nxd4 Bc5 5. Nxc6 Qf6 6. Qf3 dxc6 7. Nc3 Be6
8. Be3 Qxf3 9. gxf3 Bxe3 10. fxe3 Ne7 11. Rg1 O-O 12. Ne2 Rae8 13. f4 f6 14.
O-O-O Rd8 15. Rxd8 Rxd8 16. Ng3 Bf7 17. Bh3 Kf8 18. Bg4 Rd6 19. a3 Rd8 20. Rd1
Rd6 21. Rd2 g6 22. Rf2 Rd8 23. h4 Ng8 24. Rd2 Rxd2 25. Kxd2 Ne7 26. Bh3 Ke8 27.
Kd3 c5 28. Nf1 Kd8 29. Nd2 Nc6 30. Nb1 Ne7 31. c4 h6 32. Nc3 c6 33. Nb1 Kc7 34.
Nd2 Nc8 35. Bxc8 Kxc8 36. Nb3 {Rest unklar} 1-0

[Event "8. LGA Premium Cup 2011"]
[Site "Nürnberg"]
[Date "2011.09.10"]
[Round "4.40"]
[White "Heinz, Friedrich"]
[Black "Huss, Rolf"]
[Result "0-1"]
[WhiteElo "1722"]
[BlackElo "2057"]
[PlyCount "49"]
[EventDate "2011.??.??"]
[WhiteTeam "SV Alsfeld"]
[BlackTeam "SC Fulda"]

1. e4 Nf6 2. Nc3 e5 3. Nf3 Nc6 4. h3 d5 5. exd5 Nxd5 6. Nxd5 Qxd5 7. b3 Nd4 8.
Be2 Bf5 9. Nxd4 Qxd4 10. c3 Qd5 11. O-O O-O-O 12. a4 Be7 13. Bc4 Qd7 14. a5 Bd3
15. Bxd3 Qxd3 16. Re1 f5 17. Re3 Qd5 18. b4 Bg5 19. Re2 e4 20. a6 b5 21. Qf1
Rhe8 22. Qe1 Qc6 23. d4 exd3 24. Rxe8 Rxe8 25. Qd1 0-1

[Event "8. LGA Premium Cup 2011"]
[Site "Nürnberg"]
[Date "2011.09.10"]
[Round "4.41"]
[White "Zude, Erik"]
[Black "Nuding, Matthias"]
[Result "1/2-1/2"]
[WhiteElo "2368"]
[BlackElo "2029"]
[PlyCount "58"]
[EventDate "2011.??.??"]
[WhiteTeam "SV 1920 Hofheim"]
[BlackTeam "SC Noris-Tarrasch Nürnberg 1873"]

1. d4 d6 2. Nf3 Bg4 3. e4 Nf6 4. h3 Bh5 5. Nc3 e6 6. Bd3 a6 7. g4 Bg6 8. Nh4 d5
9. Nxg6 hxg6 10. g5 dxe4 11. Nxe4 Nd5 12. Bd2 Nd7 13. Qf3 Nb4 14. O-O-O Nxd3+
15. Qxd3 Be7 16. f4 Nb6 17. c4 Qd7 18. b3 O-O-O 19. Qf3 Qc6 20. Bc3 Rh7 21. Kb1
Kb8 22. h4 Nc8 23. Qe2 Nd6 24. Ng3 Re8 25. Bb2 Bd8 26. Rde1 Reh8 27. Qg4 b5 28.
Rc1 bxc4 29. bxc4 Qa4 1/2-1/2

[Event "8. LGA Premium Cup 2011"]
[Site "Nürnberg"]
[Date "2011.09.10"]
[Round "4.42"]
[White "Troyke, Doreen"]
[Black "Zwahr, Paul"]
[Result "1/2-1/2"]
[WhiteElo "2079"]
[BlackElo "2323"]
[PlyCount "52"]
[EventDate "2011.??.??"]
[WhiteTeam "Erfurter SK"]
[BlackTeam "SG Grün-Weiß Dresden"]

1. g3 Nf6 2. Bg2 g6 3. c4 Bg7 4. Nc3 O-O 5. e3 d6 6. Nge2 Nc6 7. O-O e5 8. d3
Be6 9. Rb1 d5 10. b3 Ne7 11. Bb2 c6 12. Qc2 Qc8 13. Rfe1 Bh3 14. Bh1 Rd8 15.
Rbd1 Bh6 16. Na4 Qf5 17. e4 dxe4 18. dxe4 Rxd1 19. Rxd1 Qh5 20. Rd6 Ne8 21. Rd3
Bg7 22. Bf3 Qg5 23. Qd1 Bg4 24. Bxg4 Qxg4 25. Rd8 Rxd8 26. Qxd8 Qxe2 1/2-1/2

[Event "8. LGA Premium Cup 2011"]
[Site "Nürnberg"]
[Date "2011.09.10"]
[Round "4.43"]
[White "Strunski, Andreas"]
[Black "Lodes, Hermann"]
[Result "1-0"]
[WhiteElo "2264"]
[BlackElo "2060"]
[PlyCount "80"]
[EventDate "2011.??.??"]
[WhiteTeam "Stuttgarter SF 1879"]

1. Nf3 d5 2. b3 Bf5 3. Bb2 e6 4. e3 Nd7 5. Be2 h6 6. c4 Ngf6 7. O-O c6 8. Re1
Bd6 9. d4 Rc8 10. Nbd2 O-O 11. a3 Bb8 12. b4 Ne4 13. Nxe4 Bxe4 14. Nd2 Bg6 15.
f4 Qe7 16. Qb3 Nf6 17. a4 Ne4 18. Nf3 Bh5 19. c5 f5 20. b5 g5 21. bxc6 bxc6 22.
Ba6 gxf4 23. exf4 Bxf4 24. Bxc8 Rxc8 25. Bc1 Rb8 26. Qc2 Bc7 27. Kh1 Kh7 28.
Be3 Rg8 29. Rab1 Bxh2 30. Nxh2 Qh4 31. Kg1 Qg3 32. Nf1 Qh4 33. Rb7+ Kh8 34.
Reb1 f4 35. Bf2 Qh3 36. Be1 f3 37. Rb8 Qg4 38. Rxg8+ Kxg8 39. Rb3 Ng5 40. Ng3
fxg2 1-0

[Event "8. LGA Premium Cup 2011"]
[Site "Nürnberg"]
[Date "2011.09.10"]
[Round "4.44"]
[White "Meulner, Klaus"]
[Black "Kersten, Uwe"]
[Result "0-1"]
[WhiteElo "2129"]
[BlackElo "2264"]
[PlyCount "120"]
[EventDate "2011.??.??"]
[WhiteTeam "SW Nürnberg Süd e.V."]
[BlackTeam "Kasseler SK 1876"]

1. Nf3 c5 2. c4 Nf6 3. Nc3 e6 4. g3 b6 5. Bg2 Bb7 6. O-O d6 7. Re1 Nbd7 8. e4
Be7 9. d4 cxd4 10. Nxd4 Qc7 11. Be3 Rc8 12. Rc1 O-O 13. f4 Qb8 14. Qe2 Rfe8 15.
g4 e5 16. Nf5 exf4 17. Bxf4 Ne5 18. g5 Nfd7 19. Nd5 Bxd5 20. cxd5 Rxc1 21. Rxc1
Ng6 22. Be3 Rc8 23. Rxc8+ Qxc8 24. Bh3 Qd8 25. Nxe7+ Qxe7 26. Bf5 Nge5 27. b4
g6 28. Bh3 Qd8 29. Qc2 h6 30. gxh6 Kh7 31. Qf2 Qe7 32. Bxd7 Nxd7 33. Qf4 Nf6
34. Bd4 Nxe4 35. h4 f5 36. h5 Qf7 37. hxg6+ Qxg6+ 38. Kf1 Qh5 39. Ke1 Kg6 40.
Be3 Kh7 41. a4 Qf7 42. Qh4 Nf6 43. b5 Nxd5 44. Bd4 Qe6+ 45. Kd2 Qxh6+ 46. Qxh6+
Kxh6 47. Kd3 Kg6 48. Kc4 Ne7 49. a5 d5+ 50. Kd3 Nc8 51. a6 Nd6 52. Bxb6 Nxb5
53. Bd8 f4 54. Kc2 Kf5 55. Kb3 f3 56. Bh4 Nc7 57. Bf2 Nxa6 58. Bxa7 Ke5 59. Kc3
Nb4 60. Kxb4 d4 0-1

[Event "8. LGA Premium Cup 2011"]
[Site "Nürnberg"]
[Date "2011.09.10"]
[Round "4.46"]
[White "Frey, Alisa"]
[Black "Nuber, Blasius"]
[Result "0-1"]
[WhiteElo "2085"]
[BlackElo "2285"]
[PlyCount "104"]
[EventDate "2011.??.??"]
[WhiteTeam "SC Eppingen"]
[BlackTeam "SC Dillingen"]

1. e4 e5 2. Nf3 Nc6 3. Bb5 a6 4. Ba4 Nf6 5. O-O Be7 6. Re1 b5 7. Bb3 d6 8. c3
O-O 9. h3 Na5 10. Bc2 c5 11. d3 Qc7 12. Nbd2 Nc6 13. Nf1 Rd8 14. Ng3 h6 15. Nh4
Nh7 16. Nhf5 Bg5 17. Bxg5 hxg5 18. Nh5 g6 19. Nh6+ Kf8 20. Ng3 Kg7 21. Ng4 Be6
22. Nf1 Rf8 23. Nfe3 f5 24. exf5 gxf5 25. Nh2 Qf7 26. Bb3 d5 27. Qf3 c4 28.
dxc4 bxc4 29. Ba4 Ne7 30. Rad1 Rad8 31. b3 e4 32. Qe2 Ng6 33. bxc4 dxc4 34.
Rxd8 Rxd8 35. f3 Nf4 36. Qc2 Nd3 37. Re2 Qa7 38. Kh1 f4 39. Neg4 e3 40. Bc6 Nf6
41. Nxf6 Kxf6 42. Ng4+ Bxg4 43. fxg4 Qc7 44. Bf3 Qa5 45. Kh2 Rb8 46. Qd1 Rb6
47. Rc2 Ke7 48. Be4 Qa4 49. Qe2 Rd6 50. Bf3 Qb5 51. Qf1 Qb8 52. Kg1 Rb6 0-1

[Event "8. LGA Premium Cup 2011"]
[Site "Nürnberg"]
[Date "2011.09.10"]
[Round "4.47"]
[White "Safyanowsky, Mark"]
[Black "Zikeli, Saskia"]
[Result "1/2-1/2"]
[WhiteElo "2186"]
[BlackElo "2067"]
[PlyCount "40"]
[EventDate "2011.??.??"]

1. d4 Nf6 2. c4 g6 3. Nc3 Bg7 4. e4 d6 5. f3 O-O 6. Bg5 h6 7. Be3 c5 8. d5 Nbd7
9. Nh3 Ne5 10. Nf2 a6 11. a4 b6 12. Be2 Qc7 13. f4 Ned7 14. O-O Re8 15. Qd2 Kh7
16. Rad1 Nf8 17. Bf3 Rb8 18. Kh1 Bd7 19. Be2 Rbd8 20. Bf3 Rb8 1/2-1/2

[Event "8. LGA Premium Cup 2011"]
[Site "Nürnberg"]
[Date "2011.09.10"]
[Round "4.48"]
[White "Seeger, Peter"]
[Black "Schöneberg, Manfred"]
[Result "1/2-1/2"]
[WhiteElo "2079"]
[BlackElo "2230"]
[PlyCount "96"]
[EventDate "2011.??.??"]
[WhiteTeam "SC Noris-Tarrasch Nürnberg 1873"]
[BlackTeam "SG Leipzig"]

1. d4 Nf6 2. c4 e6 3. g3 d5 4. Nf3 c5 5. cxd5 exd5 6. Bg2 Nc6 7. O-O h6 8. Nc3
Be7 9. dxc5 Bxc5 10. Na4 Be7 11. Be3 O-O 12. Rc1 Re8 13. a3 Ne4 14. Nd4 Nxd4
15. Bxd4 Bd7 16. Nc3 Bc6 17. Qd3 Bc5 18. e3 Bxd4 19. Qxd4 Qa5 20. Rfd1 Rad8 21.
b4 Nxc3 22. Rxc3 Qa4 23. Rdc1 a5 24. Bf3 axb4 25. axb4 Rd7 26. Rc5 Ra8 27. Bxd5
Bxd5 28. Rxd5 Rxd5 29. Qxd5 Qxb4 30. Rc7 Qb1+ 31. Kg2 Qg6 32. Rxb7 Re8 33. Rd7
Qe4+ 34. Qxe4 Rxe4 35. Kf3 Ra4 36. h4 h5 37. Rd5 g6 38. e4 Ra2 39. Ke3 Rb2 40.
f3 Rg2 41. Kf4 Kg7 42. e5 Re2 43. Rd7 Re1 44. Re7 Kf8 45. Rb7 Re2 46. Rb5 Kg7
47. g4 hxg4 48. Kxg4 Re1 1/2-1/2

[Event "8. LGA Premium Cup 2011"]
[Site "Nürnberg"]
[Date "2011.09.10"]
[Round "4.49"]
[White "Walter, Florian"]
[Black "Löw, Gerald"]
[Result "1/2-1/2"]
[WhiteElo "2088"]
[BlackElo "2215"]
[PlyCount "73"]
[EventDate "2011.??.??"]
[WhiteTeam "SV Lauf a.d.P."]
[BlackTeam "TSV Bindlach Aktionär-Schachabte"]

1. c4 c5 2. Nc3 g6 3. g3 Bg7 4. Bg2 Nc6 5. Nf3 e5 6. O-O Nge7 7. d3 O-O 8. Rb1
d6 9. a3 a5 10. b3 Rb8 11. Nd2 Be6 12. Bb2 h6 13. e4 Nd4 14. Nd5 Nec6 15. h3 b5
16. f4 f5 17. Nf3 Qd7 18. Kh2 bxc4 19. bxc4 exf4 20. Nxf4 Nxf3+ 21. Qxf3 Bxb2
22. Nxe6 Ne5 23. Qe2 Qxe6 24. exf5 Qf6 25. fxg6 Qxg6 26. Bd5+ Kg7 27. Rxf8 Rxf8
28. Be4 Qf6 29. Rxb2 Kh8 30. Kg2 Re8 31. Rb7 Re7 32. Rxe7 Qxe7 33. Qd2 Kg7 34.
Qc3 Qc7 35. Bd5 Qb6 36. Qc2 a4 37. Qxa4 1/2-1/2

[Event "8. LGA Premium Cup 2011"]
[Site "Nürnberg"]
[Date "2011.09.10"]
[Round "4.50"]
[White "Kordts, Wolfgang"]
[Black "Lange, Carsten"]
[Result "1/2-1/2"]
[WhiteElo "2152"]
[BlackElo "1886"]
[PlyCount "53"]
[EventDate "2011.??.??"]
[WhiteTeam "SW Nürnberg Süd e.V."]
[BlackTeam "SK Zirndorf e.V."]

1. d4 Nf6 2. c4 g6 3. Nc3 d5 4. cxd5 Nxd5 5. e4 Nxc3 6. bxc3 Bg7 7. Nf3 O-O 8.
Be2 c5 9. Rb1 cxd4 10. cxd4 Qa5+ 11. Bd2 Qxa2 12. O-O Nd7 13. Bb4 Nb6 14. Ra1
Qe6 15. Qb1 Bd7 16. Ra5 f6 17. d5 Qf7 18. Bc5 f5 19. d6 exd6 20. Bxd6 Rfe8 21.
e5 h6 22. Rc1 Rac8 23. Rxc8 Rxc8 24. Rxa7 Nc4 25. Rxb7 Nxd6 26. exd6 Qe6 27.
Bb5 1/2-1/2

[Event "8. LGA Premium Cup 2011"]
[Site "Nürnberg"]
[Date "2011.09.10"]
[Round "4.51"]
[White "Hess, Christian"]
[Black "Maurer, Christian"]
[Result "1/2-1/2"]
[WhiteElo "2179"]
[BlackElo "2039"]
[PlyCount "32"]
[EventDate "2011.??.??"]

1. Nf3 Nf6 2. c4 c6 3. Nc3 d5 4. cxd5 cxd5 5. d4 Nc6 6. Bf4 e6 7. e3 Bd6 8. Bd3
Bxf4 9. exf4 O-O 10. O-O a6 11. Rc1 Qd6 12. Qd2 Bd7 13. Rfe1 b5 14. Bb1 Rfc8
15. Ne5 Rc7 16. Qe3 Qb4 1/2-1/2

[Event "8. LGA Premium Cup 2011"]
[Site "Nürnberg"]
[Date "2011.09.10"]
[Round "4.52"]
[White "Steinmüller, Alexander"]
[Black "Kesik, Klaus-Dieter"]
[Result "1/2-1/2"]
[WhiteElo "1952"]
[BlackElo "2201"]
[PlyCount "108"]
[EventDate "2011.??.??"]
[WhiteTeam "SV Puschendorf 1949 e.V."]
[BlackTeam "SC Hoyerswerda"]

1. e4 Nf6 2. Nc3 d5 3. e5 Nfd7 4. d4 e6 5. Nce2 c5 6. c3 Be7 7. f4 Nc6 8. Be3
cxd4 9. Nxd4 Nc5 10. Ngf3 O-O 11. Be2 Bd7 12. O-O Qc7 13. Kh1 f6 14. c4 fxe5
15. Nb5 Qa5 16. cxd5 Nb4 17. d6 Bd8 18. Bxc5 Bxb5 19. Bxb4 Qxb4 20. Bxb5 Qxb5
21. Nxe5 Bf6 22. Qb3 Qxb3 23. axb3 Rad8 24. Rfd1 a6 25. Kg1 g5 26. g3 gxf4 27.
gxf4 Bh4 28. Ra4 b5 29. Re4 Rf5 30. d7 Rdf8 31. Nc6 Bd8 32. Rf1 Rc5 33. Rxe6
Kf7 34. Nxd8+ Rxd8 35. Rh6 Kg7 36. Rd6 Rc2 37. Re1 Kf8 38. Rh6 Kg7 39. Rd6 Kf7
40. Re5 Rxb2 41. f5 Rb1+ 42. Kf2 Rb2+ 43. Kg3 Rxb3+ 44. Kg4 Rb4+ 45. Kh5 Rb2
46. f6 Rxh2+ 47. Kg4 b4 48. Re7+ Kf8 49. Rxa6 Rd2 50. Ra7 b3 51. Rxh7 b2 52.
Rb7 R8xd7 53. Rhxd7 Rxd7 54. Rxb2 Kf7 1/2-1/2

[Event "8. LGA Premium Cup 2011"]
[Site "Nürnberg"]
[Date "2011.09.10"]
[Round "4.53"]
[White "Reis, Gerhard"]
[Black "Wörl, Richard"]
[Result "1/2-1/2"]
[WhiteElo "2169"]
[BlackElo "1941"]
[PlyCount "97"]
[EventDate "2011.??.??"]
[WhiteTeam "SK Zirndorf e.V."]
[BlackTeam "SW Nürnberg Süd e.V."]

1. Nf3 Nf6 2. c4 e6 3. d4 d5 4. cxd5 exd5 5. Qc2 Be7 6. Nc3 O-O 7. Bg5 Bg4 8.
Ne5 Be6 9. e3 Nbd7 10. Bd3 h6 11. Bh4 Nxe5 12. dxe5 Ng4 13. Bg3 Bh4 14. O-O-O
Bxg3 15. hxg3 Nxe5 16. f4 Nxd3+ 17. Qxd3 Bg4 18. Rd2 c6 19. Rh4 h5 20. Nd1 g6
21. Nf2 Bf5 22. Qc3 Re8 23. Rh1 Qb6 24. g4 Rxe3 25. Qf6 Qc5+ 26. Kd1 Bb1 27.
gxh5 Bxa2 28. Rd3 Rxd3+ 29. Nxd3 Bb3+ 30. Kd2 Qc2+ 31. Ke3 Re8+ 32. Ne5 Qe4+
33. Kf2 Qf5 34. Qxf5 gxf5 35. Rh3 Bd1 36. h6 Re7 37. h7+ Kh8 38. Rh6 Bg4 39.
Kg3 d4 40. Kh4 d3 41. Nxd3 Re6 42. Kg5 f6+ 43. Rxf6 Rxf6 44. Kxf6 Kxh7 45. Ne5
c5 46. Nxg4 fxg4 47. Ke7 Kg6 48. Ke6 Kg7 49. Ke7 1/2-1/2

[Event "8. LGA Premium Cup 2011"]
[Site "Nürnberg"]
[Date "2011.09.10"]
[Round "4.54"]
[White "Seidel, Michael"]
[Black "Göbel, Constantin"]
[Result "0-1"]
[WhiteElo "1925"]
[BlackElo "2224"]
[PlyCount "86"]
[EventDate "2011.??.??"]
[WhiteTeam "PTSV SK Hof 1892"]
[BlackTeam "TSV Schott Mainz"]

1. e4 c5 2. Nf3 Nc6 3. d4 cxd4 4. Nxd4 e5 5. Nxc6 bxc6 6. Bd3 Nf6 7. O-O Be7 8.
Nc3 O-O 9. b3 d5 10. Qe1 Re8 11. Bd2 Bd6 12. Bg5 Bb7 13. f3 h6 14. Bd2 Nh5 15.
Kh1 Nf4 16. Bxf4 exf4 17. Ne2 Qf6 18. c4 Rad8 19. Qa5 Bb8 20. Rad1 Qh4 21. cxd5
cxd5 22. Bb5 Rf8 23. exd5 Bxd5 24. Nc3 Be6 25. Bc6 Rc8 26. Bd7 Bxd7 27. Rxd7
Rce8 28. Ne4 Rxe4 29. fxe4 f3 30. g3 Bxg3 31. Qd2 f2 32. Kg2 Qxh2+ 33. Kf3 Bh4
34. Ke2 Qh3 35. Qd5 Qg4+ 36. Kd3 Qf3+ 37. Kd4 Qe2 38. Qc4 Qd2+ 39. Qd3 Bf6+ 40.
e5 Qf4+ 41. Qe4 Bxe5+ 42. Kd5 Qd2+ 43. Kc6 Rc8+ 0-1

[Event "8. LGA Premium Cup 2011"]
[Site "Nürnberg"]
[Date "2011.09.10"]
[Round "4.55"]
[White "Pokrupa, Marek"]
[Black "Eber, Fabian"]
[Result "0-1"]
[WhiteElo "2141"]
[BlackElo "2003"]
[PlyCount "88"]
[EventDate "2011.??.??"]
[WhiteTeam "SK Weiden 1907"]
[BlackTeam "SF Wilhermsdorf e.V."]

1. c4 c5 2. g3 Nc6 3. Bg2 h5 4. Nf3 e5 5. Nc3 Nh6 6. e3 Nf5 7. O-O d6 8. d4
cxd4 9. exd4 Nfxd4 10. Nxd4 Nxd4 11. Re1 Be7 12. Nd5 Bg4 13. Qa4+ Bd7 14. Qd1
Rc8 15. Be3 Nc6 16. b4 b6 17. a4 Be6 18. a5 bxa5 19. b5 Nb8 20. Bxa7 Nd7 21. b6
Bxd5 22. Bxd5 Nxb6 23. Bxb6 Qxb6 24. Qa4+ Kf8 25. Reb1 Qd8 26. Rb7 Rc7 27. Rb5
g5 28. Rxa5 Kg7 29. Qd1 Qd7 30. Qf3 Bf6 31. R5a3 e4 32. Qe3 Qg4 33. Ra7 Rhc8
34. Rxc7 Rxc7 35. Ra7 Qd1+ 36. Kg2 Qf3+ 37. Kf1 Qxe3 38. Rxc7 Qd3+ 39. Kg1 Qd1+
40. Kg2 Qf3+ 41. Kf1 Bd4 42. Rxf7+ Qxf7 43. Bxf7 Kxf7 44. h3 Ke6 0-1

[Event "8. LGA Premium Cup 2011"]
[Site "Nürnberg"]
[Date "2011.09.10"]
[Round "4.56"]
[White "Seibold, Hubert"]
[Black "Siegl, Melina"]
[Result "1-0"]
[WhiteElo "2146"]
[BlackElo "1625"]
[PlyCount "41"]
[EventDate "2011.??.??"]

1. e4 c5 2. Nf3 Nc6 3. d4 cxd4 4. Nxd4 g6 5. c4 Bg7 6. Be3 Nf6 7. Nc3 O-O 8.
Be2 a6 9. O-O d6 10. Rc1 Bd7 11. f3 Rc8 12. Qd2 e6 13. Rfd1 Qe7 14. Nb3 Ne5 15.
Qxd6 Qxd6 16. Rxd6 Nxc4 17. Bxc4 Rxc4 18. e5 Rc6 19. Rxc6 Bxc6 20. exf6 Bxf6
21. Na5 1-0

[Event "8. LGA Premium Cup 2011"]
[Site "Nürnberg"]
[Date "2011.09.10"]
[Round "4.58"]
[White "Reimold, Jonas"]
[Black "Melzner, Lukas"]
[Result "0-1"]
[WhiteElo "1942"]
[BlackElo "2117"]
[PlyCount "70"]
[EventDate "2011.??.??"]
[WhiteTeam "SC Eppingen"]
[BlackTeam "SK Klosterlechfeld"]

1. e4 e6 2. d4 d5 3. Nd2 c5 4. exd5 Qxd5 5. Ngf3 cxd4 6. Nb3 e5 7. Be2 Nf6 8.
O-O Nc6 9. Re1 Be7 10. Bg5 O-O 11. Nfd2 Be6 12. Bf3 Qd6 13. Qe2 Bd5 14. Nc4
Bxf3 15. gxf3 Qd5 16. Nxe5 Rfe8 17. f4 Bb4 18. c3 dxc3 19. Bxf6 gxf6 20. Qg4+
Kh8 21. Rad1 Nxe5 22. Rxe5 fxe5 23. Rxd5 Rg8 24. Qg5 cxb2 25. Rd1 Rxg5+ 26.
fxg5 Rg8 27. Rb1 Rxg5+ 28. Kf1 Bc3 29. Ke2 e4 30. Ke3 a5 31. a4 b5 32. axb5
Rxb5 33. Nd4 Bxd4+ 34. Kxd4 a4 35. Kc3 a3 0-1

[Event "8. LGA Premium Cup 2011"]
[Site "Nürnberg"]
[Date "2011.09.10"]
[Round "4.59"]
[White "Adelhütte, Dennis"]
[Black "Jahnel, Günther"]
[Result "1-0"]
[WhiteElo "1950"]
[BlackElo "2281"]
[PlyCount "81"]
[EventDate "2011.??.??"]
[WhiteTeam "SC Erlangen 48/88 e.V."]
[BlackTeam "SC Hoyerswerda"]

1. e4 d6 2. d4 Nf6 3. Nc3 g6 4. f4 Bg7 5. Nf3 O-O 6. Bd3 Nc6 7. a3 Bg4 8. Be3
e5 9. fxe5 dxe5 10. d5 Nd4 11. Be2 Nxe2 12. Qxe2 Ne8 13. O-O-O Nd6 14. h3 Bd7
15. g4 b5 16. Bc5 a5 17. Rdg1 Qc8 18. Nd2 b4 19. axb4 axb4 20. Bxb4 Qb7 21. Bc5
Ra1+ 22. Ncb1 Rb8 23. Nb3 Bb5 24. Qe1 Raa8 25. Na3 Ra4 26. Bxd6 cxd6 27. Rg3
Rc8 28. Rh2 Qa6 29. g5 Bf8 30. h4 Bd3 31. Re3 Be7 32. Kb1 Bc4 33. Qg3 Bxb3 34.
cxb3 Rd4 35. Qe1 Bd8 36. Qe2 Qb7 37. Nc2 Bb6 38. Nxd4 Bxd4 39. Rg3 Qa7 40. b4
Ra8 41. Ra3 1-0

[Event "8. LGA Premium Cup 2011"]
[Site "Nürnberg"]
[Date "2011.09.10"]
[Round "4.60"]
[White "Wagner, Florian"]
[Black "Ter-Akopyan, Bagrat"]
[Result "0-1"]
[WhiteElo "2240"]
[BlackElo "2023"]
[PlyCount "46"]
[EventDate "2011.??.??"]
[WhiteTeam "SC Noris-Tarrasch Nürnberg 1873"]
[BlackTeam "SV Puschendorf 1949 e.V."]

1. g3 Nc6 2. Bg2 e5 3. b3 d5 4. Bb2 Nf6 5. d3 Be7 6. Nd2 h6 7. e3 Be6 8. Ne2
Qd7 9. h3 O-O 10. a3 a5 11. Qb1 Rad8 12. Qa2 b5 13. Rc1 d4 14. e4 Nh7 15. Nf3
f5 16. Nxe5 Nxe5 17. Bxd4 Bf6 18. Bc5 fxe4 19. Bxe4 Ng5 20. Bxf8 Nxe4 21. dxe4
Nf3+ 22. Kf1 Bxh3+ 23. Rxh3 Qxh3# 0-1